000 00359nam a2200157Ia 4500
003 OSt
005 20240104104658.0
008 170524s9999 xx 000 0 und d
020 _a9788126508273
040 _cIIMTU
100 _aKREYSZIG-E
245 0 _aADVANCE ENGINEERING MATHEMATICS
260 _bWILEY INTERNATIONAL
260 _c2006
942 _2ddc
_c02
999 _c6132
_d6132